Commentary on the Consumer Protection Act, 1986 (Record no. 1141281)

MARC details
000 -LEADER
fixed length control field 00700nam a2200253Ia 4500
003 - CONTROL NUMBER IDENTIFIER
control field OSt
005 - DATE AND TIME OF LATEST TRANSACTION
control field 20221007070711.0
008 - FIXED-LENGTH DATA ELEMENTS--GENERAL INFORMATION
fixed length control field 221006b |||||||| |||| 00| 0 eng d
037 ## - SOURCE OF ACQUISITION
Terms of availability Textual
040 ## - CATALOGING SOURCE
Original cataloging agency FLL
Transcribing agency FLL
Language of cataloging eng
041 ## - LANGUAGE CODE
Source of code eng
Language code of text/sound track or separate title eng
100 ## - MAIN ENTRY--PERSONAL NAME
Personal name RAO Y.V.
9 (RLIN) 687586
245 #0 - TITLE STATEMENT
Title Commentary on the Consumer Protection Act, 1986
250 ## - EDITION STATEMENT
Edition statement 4th
260 ## - PUBLICATION, DISTRIBUTION, ETC.
Place of publication, distribution, etc. Gurgaon
Name of publisher, distributor, etc. Thomson reuters India
Date of publication, distribution, etc. 2017
300 ## - PHYSICAL DESCRIPTION
Extent 1200p.
Dimensions cm.
500 ## - GENERAL NOTE
General note Forwarded by Justice I.Venkatanarayana
942 ## - ADDED ENTRY ELEMENTS (KOHA)
Classification part X:321:Z2qN86, Q7
Koha item type Textual
Source of classification or shelving scheme Colon Classification (CC)
Holdings
Withdrawn status Lost status Source of classification or shelving scheme Damaged status Not for loan Home library Current library Date acquired Total Checkouts Total Renewals Full call number Barcode Date last seen Date last checked out Price effective from Koha item type
    Colon Classification (CC)     Faculty of Law Library Integrated Law Course library 2022-10-07 1 1 X:321:Z2qN86 Q7 LL1615641 2025-12-19 2025-09-11 2022-10-07 Textual
Copyright @ Delhi University Library System